Top 100 Baby Girl Names in 2019 - Ireland - Statistics

General Stats
  • This quiz has been taken 1,760 times
  • The average score is 73 of 100
Answer Stats
Rank Hint Answer % Correct
12 E Emma
96%
1 E Emily
95%
5 H Hannah
93%
2 G Grace
92%
9 E Ella
90%
32 S Sarah
90%
19 A Anna
89%
7 A Ava
89%
29 E Éabha
89%
14 O Olivia
89%
13 L Lily
87%
4 S Sophie
87%
93 M Mary
86%
8 E Ellie
85%
53 E Eve
85%
41 S Sofia
85%
20 S Sophia
85%
42 Z Zoe
85%
6 A Amelia
84%
70 E Emilia
84%
38 E Eva
84%
90 I Isabel
84%
33 I Isabelle
84%
10 M Mia
83%
15 C Chloe
81%
11 L Lucy
81%
97 R Rachel
81%
80 R Rose
81%
82 E Elizabeth
80%
84 L Laura
80%
24 K Kate
79%
64 M Maria
79%
44 Z Zara
79%
35 A Alice
78%
22 F Freya
78%
27 K Katie
78%
52 I Isabella
77%
34 I Isla
77%
18 M Molly
77%
45 C Charlotte
76%
46 L Lauren
76%
16 A Aoife
75%
89 H Hollie
75%
21 H Holly
75%
85 R Rebecca
75%
43 W Willow
75%
59 A Abigail
74%
63 A Amy
74%
60 C Clara
74%
86 E Ellen
73%
48 J Jessica
73%
58 R Rosie
73%
23 S Saoirse
73%
30 E Evie
72%
36 L Leah
72%
54 N Niamh
72%
67 A Annie
71%
78 I Ivy
71%
56 M Maya
71%
28 R Ruby
71%
39 E Erin
70%
96 E Evelyn
70%
51 M Millie
70%
31 C Cara
69%
61 J Julia
69%
17 C Caoimhe
68%
49 C Ciara
68%
3 F Fiadh
68%
76 B Bella
67%
99 D Daisy
67%
83 G Georgia
67%
40 R Róisín
67%
55 L Layla
66%
91 K Kayla
65%
94 A Aisling
64%
65 A Aria
64%
68 H Harper
64%
88 A Alexandra
63%
25 S Sadie
63%
77 A Abbie
62%
47 F Faye
62%
81 S Sienna
62%
92 A Áine
61%
57 A Ada
60%
71 A Amber
60%
79 A Aoibheann
60%
69 A Aoibhín
60%
62 M Maisie
60%
98 T Tara
60%
74 H Heidi
58%
73 M Mila
58%
50 C Clodagh
57%
95 H Hazel
56%
37 S Sadhbh
55%
66 A Alannah
54%
87 M Méabh
54%
72 B Bonnie
53%
100 D Doireann
52%
26 R Robyn
51%
75 A Ailbhe
49%
No matching quizzes found
Score Distribution
Percent of People with Each Score
Percentile by Number Answered
Your Score History
You have not taken this quiz